| 000 | 00801cam a2200229 a 4500 | ||
|---|---|---|---|
| 001 | 000018457 | ||
| 005 | 20200929165817.0 | ||
| 008 | 850522s1938 fr 000 0 spar | ||
| 035 | _a(DLC) 65035422 | ||
| 035 | _a(OCoLC)12064933 | ||
| 040 |
_aDO-SdBNP _bspa _cNBuU _dNBuU _dTxKT _dDLC _dBNPHU |
||
| 082 |
_a980 _bL431 |
||
| 100 | 1 |
_aConcolorcorvo, _d1715-1783. _q(Calixto Bustamante Carlos) _939942 |
|
| 245 | 1 | 3 |
_aEl lazarillo de ciegos caminantes : _bdesde Buenos Aires hasta Lima / _cConcolorcorvo. |
| 260 |
_aParís : _bDesclée de Brouwer, _c1938. |
||
| 300 |
_a352 p. ; _c19 cm. |
||
| 490 | 1 |
_aBiblioteca de cultura peruana _v6. |
|
| 651 | 0 |
_aSouth America _vGuidebooks. _939943 |
|
| 830 | 0 |
_aBiblioteca de cultura peruana _v6. _939944 |
|
| 910 | _aCatalogación por derivada / LC | ||
| 049 | _aBNGR | ||
| 999 |
_c17977 _d17977 |
||